00506 2200169 4500001002100000008004100021035002000062245012400082250000600206260005500212300001200267020000600279084001800285082001100303990001100314990001100325INLIS000000000000518 ind  a0010-1022000028 aJuz 16,17,18 Al Quran Al KarimbDalam Huruf Braille Berpedoman pada Mushaf Standarcyayasan Penyantun Wyata Guna (YPWG) a1 aBandungbyayasan Penyantun Wyata Guna (YPWG)c2021 a126c26 a0 a297.122 YAY a a297122 aMD0433 aMD0443